Chapter XII : Semi-intensive culturing in pertilized ponds
Gardado en:
| Autor Principal: | |
|---|---|
| Formato: | Libro |
| Idioma: | Undetermined |
| Publicado: |
Belgium
Laboratory of Aquaculture
1990
|
| Những chủ đề: | |
| Các nhãn: |
Engadir etiqueta
Sen Etiquetas, Sexa o primeiro en etiquetar este rexistro!
|
| Thư viện lưu trữ: | Trung tâm Học liệu Trường Đại học Cần Thơ |
|---|
| LEADER | 00505nam a2200181Ia 4500 | ||
|---|---|---|---|
| 001 | CTU_150071 | ||
| 008 | 210402s9999 xx 000 0 und d | ||
| 082 | |a 577.6 | ||
| 082 | |b T722 | ||
| 100 | |a Touchourt, Win | ||
| 245 | 0 | |a Chapter XII : Semi-intensive culturing in pertilized ponds | |
| 245 | 0 | |c Win Touchourt | |
| 260 | |a Belgium | ||
| 260 | |b Laboratory of Aquaculture | ||
| 260 | |c 1990 | ||
| 650 | |a Aquatic ecology | ||
| 904 | |i Giang | ||
| 980 | |a Trung tâm Học liệu Trường Đại học Cần Thơ | ||